Hip Hop Music - Statistics

General Stats
  • This quiz has been taken 17,603 times
  • The average score is 13 of 20
Answer Stats
Question Answer % Correct
What word is missing from T, Cube, and Vanilla? Ice
96%
Who is the best-selling rapper from the city of Detroit? Eminem
86%
What rapper was shot nine times - but survived? 50 Cent
82%
What group came "Straight Outta Compton"? N.W.A.
80%
What fellow rapper was prominently featured on Dr. Dre's record "The Chronic"? Snoop Dogg
80%
What clan's members include Method Man, Raekwon, and Ghostface Killah? {Wu}-{Tang} Clan
80%
Who released the album "DAMN" in 2017? Kendrick Lamar
77%
In rap lingo, what is a "whip"? a Car
76%
What city does Drake come from? Toronto
73%
Who recorded her first album, "Pink Friday", in 2010? Nicki Minaj
64%
What "Atlanta" actor also raps under the name Childish Gambino? Donald Glover
60%
What record company was started by Suge Knight and Dr. Dre? Death Row Records
59%
What city was Tupac visiting when he was shot and killed? Las Vegas
56%
What rapper has appeared in five movies from the "The Fast and the Furious" series? Ludacris
53%
What group were Lauryn Hill and Wyclef Jean members of? Fugees
51%
What is Jay-Z's real name? Shawn Carter
48%
Hotel, motel, Holiday Inn. Who recorded the song "Rapper's Delight"? The {Sugarhill} Gang
46%
What "Bling Bling" rapper has had many seizures, possibly linked to his purple drank habit? Lil Wayne
44%
Who is known for wearing a clock as a necklace and yelling "Yeahh boyyy"? Flavor Flav
29%
How many times does Andre 3000 apologize in the song "Ms. Jackson"? Trillion
29%
No matching quizzes found
Score Distribution
Percent of People with Each Score
Percentile by Number Answered
Your Score History
You have not taken this quiz